Statistics for Country Quiz: National Animals

Click here to take the quiz!

General Stats

  • This quiz has been taken 5 times
  • The average score is 3 of 49

Answer Stats

HintAnswer% Correct
United States of AmericaBald Eagle, American Bison
80%
IndiaBengal Tiger, Indian Peafowl, Ganges River Dolphin, Indian Elephant
40%
BangledeshBengal Tiger, Magpie Robin, Ilish
40%
AlgeriaFennec Fox
40%
BahamasBlue Marlin, Flamingo
20%
TanzaniaGiraffe
20%
IndonesiaKomodo Dragon, Javan Hawk-Eagle, Asian Arowana
20%
BotswanaPlains Zebra
20%
JamaicaRed-billed Streamertail
20%
South AfricaSpringbok, Blue Crane, Galjoen
20%
PeruAndean Cock-of-the-Rock
0%
ColombiaAndean Condor
0%
Saudi ArabiaArabian Camel
0%
QatarArabian Oryx
0%
ThailandAsian Elephant, Siamese Fighting Fish
0%
BelizeBaird's Tapir, Keel-billed Toucan
0%
ZimbabweBateleur
0%
FinlandBrown Bear, Whooper Swan, European Perch, Seven-spot Ladybug
0%
Saint Kitts & NevisBrown Pelican
0%
CubaCuban Trogon
0%
Antigua & BarbudaEuropean Fallow Deer, Frigate, Hawksbill Turtle
0%
GrenadaGrenada Dove
0%
UgandaGrey Crowned Crane
0%
PanamaHarpy Eagle
0%
AzerbaijanKarabakh Horse
0%
CambodiaKouprey, Giant Ibis, Northern River Terrapin, Giant Barb
0%
MalaysiaMalayan Tiger
0%
PakistanMarkhor, Indus River Dolphin, Chukar, Mugger Crocodile, Shaheen Falcon, Snow Leopard
0%
CanadaNorth American Beaver, Canadian Horse
0%
Dominican RepublicPalmchat
0%
PhilippinesPhilippine Eagle
0%
DenmarkRed Squirrel, Mute Swan, Small Tortoiseshell
0%
GuatemalaResplendent Quetzal
0%
BrazilRufous-bellied Thrush
0%
ArgentinaRufous Hornero
0%
Saint LuciaSaint Lucia Amazon
0%
Saint Vincent & The GrenadinesSaint Vincent Amazon
0%
MongoliaSaker Falcon
0%
United Arab EstatesSaker Falcon, Arabian Oryx
0%
Sri LankaSir Lankan Junglefowl
0%
DominicaSisserou Parrot
0%
LebanonStriped Hyena
0%
El SalvadorTurquoise-browed Motmot
0%
NicaraguaTurquoise-browed Motmot
0%
VenezuelaVenezuelan Troupial
0%
LithuaniaWhite Stork
0%
HondurasWhite-tailed Deer, Scarlet Macaw
0%
LatviaWhite Wagtail, Two-spotted Ladybug
0%
Costa RicaYigüirro, West Indian Manatee, Three-toed Sloth
0%

Score Distribution

Percentile by Number Answered

Percent of People with Each Score

Your Score History

You have not taken this quiz